000 00747nam a2200277Ia 4500
005 20260324121703.0
008 008 260324s9999 xx 000 0 eng d
020 _a9781315883441
037 _aEBOOK
040 _aCRL
040 _beng
040 _cCRL
041 _2eng
041 _aeng
084 _qCRL
100 _aChin-Chuan Lee; Francis L.F. Lee; Mike Z. Yao; Tsan-Kuo Chang; Fen Jennifer Lin; Chris Fei Shen
_91163478
245 0 _aCommunication, Public Opinion, and Globalization in Urban China
260 _bTaylor and Francis
260 _c2013
365 _a
365 _b150
856 _uhttp://www.taylorfrancis.com/books/9781315883441
942 _cEBOOK
999 _c1755750
_d1755750